书目信息 |
| 题名: |
催眠现场体验治疗法
|
|
| 作者: | 连峻 著 | |
| 分册: | ||
| 出版信息: | 太原 山西科学技术出版社 2016.01 |
|
| 页数: | 134页 | |
| 开本: | 24cm | |
| 丛书名: | 催眠心理学丛书 | |
| 单 册: | ||
| 中图分类: | B841.4 | |
| 科图分类: | ||
| 主题词: | 催眠术 | |
| 电子资源: | ||
| ISBN: | 978-7-5377-4921-3 | |
| 000 | 00916oam2 2200265 450 | |
| 001 | 0120141391231 | |
| 005 | 20160614145358.20 | |
| 010 | @a978-7-5377-4921-3@dCNY28.00 | |
| 100 | @a20160120d2016 em y0chiy50 ea | |
| 101 | 0 | @achi |
| 102 | @aCN@b140000 | |
| 105 | @aa z 000yy | |
| 106 | @ar | |
| 200 | 1 | @a催眠现场体验治疗法@9cui mian xian chang ti yan zhi liao fa@f连峻著 |
| 210 | @a太原@c山西科学技术出版社@d2016.01 | |
| 215 | @a134页@c图,照片@d24cm | |
| 225 | 2 | @a催眠心理学丛书 |
| 330 | @a本书分为浅谈东西方催眠发展、催眠治疗为一种世界趋势——细说催眠及治疗前的准备工作、催眠现场体验治疗法等四章。主要包括:东方五千年前就有催眠术;催眠治疗由“御触”开其端;中国的催眠研究与发展等。 | |
| 333 | @a催眠学习者 | |
| 461 | 0 | @12001 @a催眠心理学丛书 |
| 606 | 0 | @a催眠术 |
| 690 | @aB841.4@v5 | |
| 701 | 0 | @a连峻@9lian jun@4著 |
| 801 | 0 | @aCN@b人天书店@c20160120 |
| 905 | @b879568-73@dB841.4@e1346@f6 | |
| 催眠现场体验治疗法/连峻著.-太原:山西科学技术出版社,2016.01 |
| 134页:图,照片;24cm.-(催眠心理学丛书) |
| 使用对象:催眠学习者 |
| ISBN 978-7-5377-4921-3:CNY28.00 |
| 本书分为浅谈东西方催眠发展、催眠治疗为一种世界趋势——细说催眠及治疗前的准备工作、催眠现场体验治疗法等四章。主要包括:东方五千年前就有催眠术;催眠治疗由“御触”开其端;中国的催眠研究与发展等。 |
| ● |
| 相关链接 |
|
|
|
|
正题名:催眠现场体验治疗法
索取号:B841.4/1346
 
预约/预借
| 序号 | 登录号 | 条形码 | 馆藏地/架位号 | 状态 | 备注 |
| 1 | 879568 | 208795687 | 第一样本阅览室/ [索取号:B841.4/1346] | 在馆 | |
| 2 | 879569 | 208795696 | 教育系资料室/ [索取号:B841.4/1346] | 在馆 | |
| 3 | 879570 | 208795703 | 教育系资料室/ [索取号:B841.4/1346] | 在馆 | |
| 4 | 879571 | 208795712 | 教育系资料室/ [索取号:B841.4/1346] | 在馆 | |
| 5 | 879572 | 208795721 | 第一借阅区/ [索取号:B841.4/1346] | 在馆 | |
| 6 | 879573 | 208795730 | 第一借阅区/ [索取号:B841.4/1346] | 在馆 |